| 000 | 00524nam a2200157 i 4500 | ||
|---|---|---|---|
| 001 | 32622 | ||
| 003 | ES-MaACL | ||
| 007 | t| | ||
| 008 | 030131m19141921fr ||||1| fre d | ||
| 100 | 1 |
_aBertelsmann, Wilhelm. _928436 |
|
| 245 | 1 | 3 |
_aLa production du gaz d'éclairage / _cpar Wilhelm Bertelsmann ; traduction française... par Jacques Bouvier. |
| 260 |
_aParís : _b[s.n., _c1914-21] ( _eEvreux : _fCh. Herissey) |
||
| 300 |
_a652 p., 12 lám. ; _c25 cm. |
||
| 700 | 1 |
_aBouvier, Jacques. _931085 |
|
| 852 |
_aES-MaACL _jB-4397 |
||
| 999 |
_c32622 _d32622 |
||